| 000 | 00800nam a22001337a 4500 | ||
|---|---|---|---|
| 040 | _cRUA | ||
| 082 | _aAGR LEN 2009 B041 Or.1 | ||
| 100 | _aLEN, THIDA. | ||
| 245 | _aeffect of different wood vinegar and cow dung concentrations on spring onion at the crop station of the royal university of agriculture (ឥទ្ធិពលកំរិតទឹកខ្មេះឈើ និង ជីលាមកគោខុសៗគ្នាទៅលើដំណាំខ្ទឹមស្លឹក នៅស្តានីយ៍ដំណាំសាកលវិទ្យាល័យភូមិន្ទកសិកម្ម) | ||
| 260 |
_aPhnom Penh _bRUA _c2009 |
||
| 300 |
_aXi, 52p. _bill. _c29cm. |
||
| 856 | _uhttps://drive.google.com/file/d/1Q92Q5lXfEWNNItuu2sH8MHbCMsi7wF1z/view?usp=sharing | ||
| 942 | _cAGR | ||
| 999 |
_c896 _d896 |
||